Krisis matawang Malaysia : bagaimana dan mengapa ia berlaku

Bibliographic Details
Main Author: MAHATHIR bin Mohamad 1925-
Format: Book
Published: Subang Jaya : Pelanduk Pub. , 2000
Subjects:

MARC

LEADER 00000cam a2200000 7i4500
001 0000001893
005 20020411.0
020 0 0 |a 9679787575 
090 0 0 |a 332.4509595   |b MAH 2000 
100 0 0 |a MAHATHIR bin Mohamad   |f Dato' Seri   |c 1925- 
245 1 0 |a Krisis matawang Malaysia :   |b bagaimana dan mengapa ia berlaku   |c Mahathir Mohamad 
260 0 0 |a Subang Jaya :   |b Pelanduk Pub. ,   |c 2000 
300 |a 64 p. ;   |c 22 cm. 
650 0 0 |a Financial crisis   |z Malaysia 
651 0 0 |a Malaysia   |x Economic conditions 
998 |a JPSM 
999 |a 0000003011   |b Monograph   |c Open Shelf   |e Default branch